ARRUPE JESUIT UNIVERSITY

CORONAVIRUS -STOP THE SPREAD - CLEAN,DISINFECT,COVER

Chinese album (Record no. 119084)

MARC details
000 -LEADER
fixed length control field 00848cam a22002531 4500
001 - CONTROL NUMBER
control field 7405887
003 - CONTROL NUMBER IDENTIFIER
control field ARRUPE
005 - DATE AND TIME OF LATEST TRANSACTION
control field 20131204142946.0
008 - FIXED-LENGTH DATA ELEMENTS--GENERAL INFORMATION
fixed length control field 750813r19461945enka 000 0 eng c
010 ## - LIBRARY OF CONGRESS CONTROL NUMBER
LC control number a 46003759
035 ## - SYSTEM CONTROL NUMBER
System control number (OCoLC)1542860
040 ## - CATALOGING SOURCE
Original cataloging agency Harvard univ. Library
Transcribing agency GU
Modifying agency OCoLC
-- DLC
050 00 - LIBRARY OF CONGRESS CALL NUMBER
Classification number DS710
Item number .B38
082 ## - DEWEY DECIMAL CLASSIFICATION NUMBER
Classification number 915.1
300 ## - PHYSICAL DESCRIPTION
Dimensions 23 cm.
100 1# - MAIN ENTRY--PERSONAL NAME
Personal name Beaton, Cecil,
Dates associated with a name 1904-1980.
9 (RLIN) 5153
245 10 - TITLE STATEMENT
Title Chinese album
Statement of responsibility, etc [by] Cecil Beaton.
260 ## - PUBLICATION, DISTRIBUTION, ETC. (IMPRINT)
Place of publication, distribution, etc [London]
Name of publisher, distributor, etc B. T. Batsford, ltd.
Date of publication, distribution, etc [1946]
300 ## - PHYSICAL DESCRIPTION
Extent 4 p. l., 77, [1] p. of illus. (incl. ports.)
500 ## - GENERAL NOTE
General note "First published, winter, 1945-6."
500 ## - GENERAL NOTE
General note A supplementary volume to the author's Far East, published 1945. cf. Dust jacket.
651 #0 - SUBJECT ADDED ENTRY--GEOGRAPHIC NAME
Geographic name China
Form subdivision Pictorial works.
9 (RLIN) 5154
906 ## - LOCAL DATA ELEMENT F, LDF (RLIN)
a 7
b cbc
c oclcrpl
d u
e ncip
f 19
g y-gencatlg
942 ## - ADDED ENTRY ELEMENTS (KOHA)
Source of classification or shelving scheme Library of Congress Classification
Koha item type Monograph ( Printed materials)
Holdings
Withdrawn status Lost status Source of classification or shelving scheme Damaged status Not for loan Home library Current library Shelving location Date acquired Total Checkouts Full call number Barcode Date last seen Price effective from Koha item type
    Library of Congress Classification     ARRUPE LIBRARY ARRUPE LIBRARY Main Collection 04/12/2013   DS710 .B38 464123368 04/12/2017 04/12/2013 Monograph ( Printed materials)

 

Arrupe Library. PO Box MP320 Mt Pleasant, Harare, Zimbabwe
263 242 745411|librarian@aju.ac.zw